| 000 | 00390nam a2200145Ia 4500 | ||
|---|---|---|---|
| 008 | 230917s9999||||xx |||||||||||||| ||und|| | ||
| 040 |
_e78308 _aMAIN |
||
| 041 | _aEnglish | ||
| 082 | _a346.0434 P258L | ||
| 100 | _aPartington, Martin | ||
| 245 | 0 | _aLandlord and tenant: cases, materials and text | |
| 260 |
_aLondon _bWeidenfeld & Nicolson _c1975 |
||
| 300 | _axix, 499 p. | ||
| 942 | _cBK | ||
| 999 |
_c193026 _d193026 |
||